000 00244 a2200097 4500
001 12819
100 _aWood,D
245 _aHow Children Think and learn : The Social Contexts of Congnitive Development.
260 _a
_b
_c
090 _c9800
_d9800
942 _aNUST-CAE
_cM
_c36712
999 _c247892
_d247892